<?xml version="1.0" encoding="UTF-8"?>
<collection xmlns="http://www.loc.gov/MARC21/slim">
 <record>
  <leader>00928pamaa2200205   4500</leader>
  <controlfield tag="001">0000045243</controlfield>
  <controlfield tag="005">20140428090000.0</controlfield>
  <controlfield tag="008">090604                             eng  </controlfield>
  <datafield tag="020" ind1="0" ind2="0">
   <subfield code="a">0415335094 (pbk.) </subfield>
  </datafield>
  <datafield tag="090" ind1="0" ind2="0">
   <subfield code="a">LB1779 </subfield>
   <subfield code="b">MAC 2004</subfield>
  </datafield>
  <datafield tag="100" ind1="1" ind2="0">
   <subfield code="a">Macfarlane </subfield>
  </datafield>
  <datafield tag="245" ind1="1" ind2="0">
   <subfield code="a">Teaching with integrity : </subfield>
   <subfield code="b">the ethics of higher education practice  </subfield>
   <subfield code="c">Bruce Macfarlane.</subfield>
  </datafield>
  <datafield tag="260" ind1="0" ind2="0">
   <subfield code="a">London ; New York: </subfield>
   <subfield code="b">Routledge Falmer, </subfield>
   <subfield code="c">2004.</subfield>
  </datafield>
  <datafield tag="300" ind1=" " ind2=" ">
   <subfield code="a">vii, 184 p.; </subfield>
   <subfield code="c">24 cm.</subfield>
  </datafield>
  <datafield tag="501" ind1="0" ind2="0">
   <subfield code="a">FOLA</subfield>
  </datafield>
  <datafield tag="504" ind1="0" ind2="0">
   <subfield code="a">Includes bibliographical references (p. [173]-182) and index</subfield>
  </datafield>
  <datafield tag="505" ind1="0" ind2="0">
   <subfield code="a">The pedagogic gap -- The lost dimension -- The case method -- Teaching -- Assessing -- Evaluating -- Managing -- Points of departure -- Teaching with integrity --Virtue under pressure</subfield>
  </datafield>
  <datafield tag="650" ind1="0" ind2="0">
   <subfield code="a">College teachers -- </subfield>
   <subfield code="x">Professional ethics -- </subfield>
   <subfield code="x">England -- </subfield>
   <subfield code="x">Case studies </subfield>
  </datafield>
  <datafield tag="650" ind1="0" ind2="0">
   <subfield code="a">College teaching -- </subfield>
   <subfield code="x">Moral and ethical aspects </subfield>
  </datafield>
  <datafield tag="901" ind1=" " ind2=" ">
   <subfield code="u">http://www.routledge.com</subfield>
  </datafield>
 </record>
</collection>
